Counseling children and adolescents : (Record no. 19692)

MARC details
000 -LEADER
fixed length control field 01224cam a2200325 i 4500
001 - CONTROL NUMBER
control field 19590322
003 - CONTROL NUMBER IDENTIFIER
control field OSt
005 - DATE AND TIME OF LATEST TRANSACTION
control field 20221024172503.0
008 - FIXED-LENGTH DATA ELEMENTS--GENERAL INFORMATION
fixed length control field 170410s2017 nyu b 001 0 eng
010 ## - LIBRARY OF CONGRESS CONTROL NUMBER
LC control number 2016059880
020 ## - INTERNATIONAL STANDARD BOOK NUMBER
International Standard Book Number 1138200579
040 ## - CATALOGING SOURCE
Original cataloging agency DLC
Language of cataloging eng
Description conventions rda
Transcribing agency DLC
Modifying agency DLC
042 ## - AUTHENTICATION CODE
Authentication code pcc
050 00 - LIBRARY OF CONGRESS CALL NUMBER
Classification number BF637.C6
Item number C68 2017
082 00 - DEWEY DECIMAL CLASSIFICATION NUMBER
Classification number 158.3083
Edition number 23
130 0# - MAIN ENTRY--UNIFORM TITLE
Uniform title Counseling children and adolescents (Routledge, Taylor & Francis Group)
245 00 - TITLE STATEMENT
Title Counseling children and adolescents :
Remainder of title working in school and clinical mental health settings /
Statement of responsibility, etc. edited by Jolie Ziomek-Daigle.
264 #1 - PRODUCTION, PUBLICATION, DISTRIBUTION, MANUFACTURE, AND COPYRIGHT NOTICE
Place of production, publication, distribution, manufacture New York :
Name of producer, publisher, distributor, manufacturer Routledge, Taylor & Francis Group,
Date of production, publication, distribution, manufacture, or copyright notice 2017.
300 ## - PHYSICAL DESCRIPTION
Extent xi, 497 p ;
Dimensions 26 cm.
336 ## - CONTENT TYPE
Content type term text
Content type code txt
Source rdacontent
337 ## - MEDIA TYPE
Media type term unmediated
Media type code n
Source rdamedia
338 ## - CARRIER TYPE
Carrier type term volume
Carrier type code nc
Source rdacarrier
504 ## - BIBLIOGRAPHY, ETC. NOTE
Bibliography, etc Includes bibliographical references and index.
650 #0 - SUBJECT ADDED ENTRY--TOPICAL TERM
Topical term or geographic name as entry element Children
General subdivision Counseling of.
650 #0 - SUBJECT ADDED ENTRY--TOPICAL TERM
Topical term or geographic name as entry element Teenagers
General subdivision Counseling of.
700 1# - ADDED ENTRY--PERSONAL NAME
Personal name Ziomek-Daigle, Jolie,
Relator term editor.
906 ## - LOCAL DATA ELEMENT F, LDF (RLIN)
a 7
b cbc
c orignew
d 1
e ecip
f 20
g y-gencatlg
942 ## - ADDED ENTRY ELEMENTS (KOHA)
Source of classification or shelving scheme Library of Congress Classification
Koha item type General Collection
Holdings
Withdrawn status Lost status Source of classification or shelving scheme Not for loan Home library Current library Date acquired Cost, normal purchase price Total Checkouts Full call number Barcode Date last seen Price effective from Koha item type
    Library of Congress Classification   Kabarak, Main Campus Kabarak, Main Campus 24/10/2022 8498.00   BF637.C6 C68 2017 c.1 032248 02/08/2024 24/10/2022 General Collection
Designed with assistance from East African Informatics Ltd